El país de las multitudes mudas (Record no. 20617)

MARC details
000 -LEADER
campo de control de longitud fija 00874nam a2200241 i 4500
001 - NÚMERO DE CONTROL
campo de control 20617
003 - IDENTIFICADOR DE NÚMERO DE CONTROL
campo de control ES-MaACL
005 - FECHA Y HORA DE LA ÚLTIMA TRANSACCIÓN
campo de control 20230906152332.0
007 - CAMPO FIJO DE DESCRIPCIÓN FÍSICA--INFORMACIÓN GENERAL
campo de control de longitud fija t|
008 - DATOS DE LONGITUD FIJA--INFORMACIÓN GENERAL
campo de control de longitud fija 021115s1953 sp |||| | spa d
100 1# - ENTRADA PRINCIPAL--NOMBRE DE PERSONA
Nombre de persona Ackermann, Klaus.
9 (RLIN) 18284
245 13 - MENCIÓN DEL TÍTULO
Título El país de las multitudes mudas
Resto del título = (Das land der stummen millionen) /
Mención de responsabilidad, etc. Klaus Ackermann ; [traducción al español por Adolfo Rojo Colmeiro].
246 31 - FORMA VARIANTE DEL TITULO
Título propio/Titulo breve Das land der stummen millionen
260 ## - PUBLICACIÓN, DISTRIBUCIÓN, ETC.
Lugar de publicación, distribución, etc. Madrid :
Nombre del editor, distribuidor, etc. Editora Nacional,
Fecha de publicación, distribución, etc. [1953] (
Fabricante Uguina)
300 ## - DESCRIPCIÓN FÍSICA
Extensión 361 p. ;
Dimensiones 21 cm.
490 1# - MENCIÓN DE SERIE
Mención de serie Libros de actualidad política ;
Designación de volumen o secuencia 10
650 #4 - PUNTO DE ACCESO ADICIONAL DE MATERIA--TÉRMINO DE MATERIA
Término de materia o nombre geográfico como elemento de entrada Clase trabajadora-
Subdivisión geográfica URSS.
9 (RLIN) 165059
651 #4 - PUNTO DE ACCESO ADICIONAL DE MATERIA--NOMBRE GEOGRÁFICO
Nombre geográfico URSS-
Subdivisión general Situación social-
Subdivisión cronológica 1945-1989.
9 (RLIN) 144379
700 1# - ENTRADA AGREGADA--NOMBRE PERSONAL
Nombre de persona Fojo Colmeiro, Adolfo.
9 (RLIN) 51431
830 0# - PUNTO DE ACCESO ADICIONAL DE SERIE-TÍTULO UNIFORME
Título uniforme Libros de actualidad política ;
Designación de volumen o secuencia 10
9 (RLIN) 182069
852 ## - LOCALIZACIÓN
Ubicación ES-MaACL
Número de control de estantería C-5847
Holdings
Estatus retirado Estado de pérdida Estado de daño No para préstamo Biblioteca de origen Biblioteca actual Ubicación en estantería Fecha de adquisición Fuente de adquisición Total de préstamos Signatura topográfica completa Código de barras Visto por última vez Precio de reemplazo Tipo de ítem Koha
        Biblioteca del Ateneo de Madrid Biblioteca del Ateneo de Madrid Sala Palomar 17/01/2008     C-5847 1021169 23/02/2023 23/02/2023 Libro impreso